[Event "DEM U10/U10w 2010"]
[Site "Oberhof GER"]
[Date "2010.05.28"]
[Round "10"]
[White "Kololli, Martin"]
[Black "Walker, Julia"]
[Result "1/2-1/2"]
[Termination "normal"]
[Board "26"]
[WhiteElo "1251"]
[BlackElo "1145"]
[PlyCount "29"]
[WhiteFideId "12936910"]
[BlackFideId "1271852"]
[EventCountry "GER"]
[EventRounds "11"]
[EventType "swiss"]
[EventDate "2010.05.22"]

1. e4 e5 2. f4 Bc5 3. Nf3 Nc6 4. Bc4 Nf6 5. Nc3 d6 6. d3 O-O 7. f5 Na5 8. Bb3
Nxb3 9. axb3 Re8 10. Bg5 h6 11. Bh4 c6 12. Qd2 d5 13. Rd1 Qd6 14. Bg3 dxe4 15.
dxe4 1/2-1/2

[Event "DEM U10/U10w 2010"]
[Site "Oberhof GER"]
[Date "2010.05.28"]
[Round "10"]
[White "Reuker, Jari"]
[Black "Edelmann, Jonas"]
[Result "1-0"]
[Termination "normal"]
[Board "27"]
[WhiteElo "1237"]
[BlackElo "1107"]
[PlyCount "55"]
[WhiteFideId "12909300"]
[EventCountry "GER"]
[EventRounds "11"]
[EventType "swiss"]
[EventDate "2010.05.22"]

1. c4 c5 2. Nc3 Nc6 3. g3 g6 4. Bg2 Bg7 5. e4 d6 6. Nge2 Nf6 7. O-O O-O 8. d3
Bg4 9. h3 Bxe2 10. Nxe2 Nd4 11. Bg5 Qc7 12. Nxd4 cxd4 13. Rc1 Qa5 14. Bxf6 Bxf6
15. Qb3 Qb6 16. Qxb6 axb6 17. a3 Ra5 18. f4 b5 19. c5 Rc8 20. cxd6 Rxc1 21.
Rxc1 exd6 22. Kf2 Kg7 23. Rc7 Ra7 24. Rd7 Kh6 25. Rxf7 Bg7 26. g4 Bh8 27. g5+
Kh5 28. Rxh7# 1-0

[Event "DEM U10/U10w 2010"]
[Site "Oberhof GER"]
[Date "2010.05.28"]
[Round "10"]
[White "Matzeit, Adrian"]
[Black "Herbrig, Alexander"]
[Result "0-1"]
[Termination "normal"]
[Board "28"]
[WhiteElo "1175"]
[BlackElo "1270"]
[PlyCount "92"]
[WhiteFideId "12946737"]
[BlackFideId "12952044"]
[EventCountry "GER"]
[EventRounds "11"]
[EventType "swiss"]
[EventDate "2010.05.22"]

1. e4 c5 2. Nf3 e6 3. d4 cxd4 4. Nxd4 a6 5. Nc3 Qc7 6. Be2 Nf6 7. f4 d6 8. O-O
b5 9. a3 Bb7 10. Bf3 Nbd7 11. Kh1 Be7 12. Be3 O-O 13. Qd2 Nc5 14. e5 dxe5 15.
Bxb7 Nxb7 16. fxe5 Qxe5 17. Bf4 Qc5 18. Be3 Qc7 19. Rad1 Rad8 20. Qe2 Bxa3 21.
bxa3 Qxc3 22. Rd3 Qc7 23. Bf4 Qc5 24. Nf3 Rxd3 25. Qxd3 Rd8 26. Qb3 Rc8 27. Rc1
Qc3 28. Qa2 h6 29. Be5 Qe3 30. Re1 Qf2 31. Rc1 Ng4 32. Bg3 Qc5 33. Nd2 Nf2+ 34.
Bxf2 Qxf2 35. Ne4 Qe3 36. Qb1 Qxe4 37. Qb3 Nc5 38. Qc3 Rc6 39. Qg3 Nd3 40. Qb8+
Kh7 41. Rf1 Rxc2 42. Qg3 Qf5 43. Ra1 Rf2 44. h3 Rf1+ 45. Rxf1 Qxf1+ 46. Kh2 Nf2
0-1

[Event "DEM U10/U10w 2010"]
[Site "Oberhof GER"]
[Date "2010.05.28"]
[Round "10"]
[White "Siegl, Adrian"]
[Black "Martin, Julian"]
[Result "1/2-1/2"]
[Termination "normal"]
[Board "29"]
[WhiteElo "1198"]
[BlackElo "1126"]
[PlyCount "94"]
[WhiteFideId "12930156"]
[BlackFideId "12941000"]
[EventCountry "GER"]
[EventRounds "11"]
[EventType "swiss"]
[EventDate "2010.05.22"]

1. e4 e5 2. Nf3 Nc6 3. Bc4 Bc5 4. O-O Nf6 5. d4 Bxd4 6. Nxd4 Nxd4 7. f4 d6 8.
fxe5 dxe5 9. Bg5 Bg4 10. Qd2 Rg8 11. h3 Bh5 12. Nc3 h6 13. Be3 Bg6 14. Rad1 c5
15. Bb5+ Nxb5 16. Qxd8+ Rxd8 17. Rxd8+ Kxd8 18. Nxb5 a6 19. Rd1+ Kc8 20. Nd6+
Kc7 21. Bxc5 Nxe4 22. Nxe4 Bxe4 23. Bd6+ Kc6 24. Bxe5 Bxc2 25. Rc1 Kd5 26. Rxc2
Kxe5 27. Rc7 b5 28. Rxf7 g5 29. Ra7 Rg6 30. Kf2 Ke4 31. Kg3 Kd3 32. Rc7 Ke2 33.
Rd7 Ke3 34. Rd8 Rc6 35. a3 Ke2 36. Rd7 Rb6 37. h4 gxh4+ 38. Kxh4 Rg6 39. g4 Kf3
40. Rf7+ Ke2 41. Kh5 Rg5+ 42. Kxh6 Rxg4 43. Rf6 Ra4 44. Rd6 a5 45. Rd5 b4 46.
Rd4 Ke3 47. Rg4 bxa3 1/2-1/2

[Event "DEM U10/U10w 2010"]
[Site "Oberhof GER"]
[Date "2010.05.28"]
[Round "10"]
[White "Sadewasser, Lucie"]
[Black "Boehling, Richard"]
[Result "0-1"]
[Termination "normal"]
[Board "30"]
[WhiteElo "1197"]
[BlackElo "1108"]
[PlyCount "46"]
[WhiteFideId "12905445"]
[BlackFideId "12946176"]
[EventCountry "GER"]
[EventRounds "11"]
[EventType "swiss"]
[EventDate "2010.05.22"]

1. e4 e5 2. Nf3 Nc6 3. Nc3 Bc5 4. Nxe5 Nxe5 5. d4 Bd6 6. dxe5 Bxe5 7. Bd3 d6 8.
Ne2 Be6 9. c3 Ne7 10. Be3 Ng6 11. f4 Qh4+ 12. g3 Qh6 13. Qd2 Qh5 14. fxe5 Nxe5
15. O-O-O Bxa2 16. Qc2 O-O 17. b3 Nxd3+ 18. Rxd3 Bxb3 19. Qxb3 Qxe2 20. c4 Rae8
21. Bxa7 b6 22. Re3 Qf2 23. Ree1 Ra8 0-1

[Event "DEM U10/U10w 2010"]
[Site "Oberhof GER"]
[Date "2010.05.28"]
[Round "10"]
[White "Rogozenco, Teodora Nana"]
[Black "Tsoumanis, Neoptolemos"]
[Result "0-1"]
[Termination "normal"]
[Board "31"]
[WhiteElo "1186"]
[BlackElo "1105"]
[PlyCount "40"]
[WhiteFideId "12938084"]
[EventCountry "GER"]
[EventRounds "11"]
[EventType "swiss"]
[EventDate "2010.05.22"]

1. d4 d5 2. c4 dxc4 3. Nf3 e6 4. e4 Nf6 5. e5 Nd5 6. Bxc4 Nc6 7. Nc3 Bb4 8. Bd2
Na5 9. Nxd5 exd5 10. Bb5+ c6 11. Bxb4 cxb5 12. O-O Bg4 13. Qd3 a6 14. h3 Bh5
15. Nh4 Nc6 16. Bd6 Qxh4 17. Rfc1 Nxd4 18. Rc7 Bg6 19. Qd1 Qe4 20. Kf1 Qd3+ 0-1

[Event "DEM U10/U10w 2010"]
[Site "Oberhof GER"]
[Date "2010.05.28"]
[Round "10"]
[White "Müller, Sophie"]
[Black "Halas, Julia"]
[Result "1/2-1/2"]
[Termination "normal"]
[Board "32"]
[WhiteElo "1102"]
[BlackElo "1091"]
[PlyCount "81"]
[WhiteFideId "12926698"]
[BlackFideId "12931810"]
[EventCountry "GER"]
[EventRounds "11"]
[EventType "swiss"]
[EventDate "2010.05.22"]

1. d4 d5 2. Bf4 Nf6 3. e3 Bf5 4. c4 c6 5. Nc3 g6 6. Qb3 b6 7. Nf3 Bg7 8. Be2
O-O 9. O-O dxc4 10. Bxc4 Nbd7 11. Ne5 Nxe5 12. Bxe5 Ne4 13. Nxe4 Bxe4 14. Bxg7
Kxg7 15. Rac1 Rc8 16. Rfd1 Qd7 17. Qc3 Qg4 18. Bf1 Kg8 19. Kh1 Qg5 20. f3 Bd5
21. Qd3 h5 22. e4 Be6 23. b3 Rfd8 24. Qd2 Qxd2 25. Rxd2 f6 26. Rdc2 Bd7 27.
Bc4+ Kg7 28. Ba6 Rc7 29. d5 c5 30. Bd3 Rdc8 31. a4 Kf8 32. Bb5 Bxb5 33. axb5
Ke8 34. Kg1 Kd7 35. Kf2 Kd6 36. Kg3 Ke5 37. b4 c4 38. Kf2 f5 39. Ke3 f4+ 40.
Kd2 Kd4 41. g3 1/2-1/2

[Event "DEM U10/U10w 2010"]
[Site "Oberhof GER"]
[Date "2010.05.28"]
[Round "10"]
[White "Schneider, Jana"]
[Black "Neuwald, Johannes"]
[Result "1-0"]
[Termination "normal"]
[Board "33"]
[WhiteElo "1073"]
[BlackElo "1277"]
[PlyCount "121"]
[WhiteFideId "12924997"]
[EventCountry "GER"]
[EventRounds "11"]
[EventType "swiss"]
[EventDate "2010.05.22"]

1. e4 c5 2. Nc3 Nc6 3. g3 g6 4. Bg2 Bg7 5. d3 Nf6 6. f4 d6 7. Nf3 Bd7 8. O-O
O-O 9. h3 Qc7 10. g4 Nxg4 11. hxg4 Bxg4 12. Qe1 Nd4 13. Nxd4 Bxd4+ 14. Be3 Bg7
15. Qh4 Qd7 16. Rab1 Bh5 17. Nd5 e6 18. Nf6+ Bxf6 19. Qxf6 Qd8 20. Qxd8 Rfxd8
21. f5 Be2 22. Rf2 Bg4 23. fxg6 hxg6 24. d4 Kg7 25. e5 dxe5 26. dxe5 Rab8 27.
Bxc5 b6 28. Be7 Rd7 29. Bf6+ Kg8 30. Rf4 Bh5 31. Rh4 Rc8 32. Bf3 Rd4 33. Rxd4
Bxf3 34. Rh4 Bh5 35. c3 Rc5 36. Kf2 Rd5 37. Rbh1 Kf8 38. Ke3 a5 39. c4 Rd7 40.
a3 Rc7 41. Kd3 Ke8 42. b4 axb4 43. axb4 Kd7 44. Kd4 Kc6 45. c5 Rd7+ 46. Kc4 b5+
47. Kc3 Ra7 48. Rb1 Be2 49. Rd4 Bc4 50. Rd6+ Kc7 51. Bd8+ Kc8 52. Bb6 Ra3+ 53.
Kc2 Bd5 54. Kd2 Ra2+ 55. Kc3 Ra3+ 56. Kd4 Bc4 57. Rd1 Rh3 58. c6 Rh4+ 59. Kc5
Bb3 60. R1d4 Rh1 61. Rd8# 1-0

[Event "DEM U10/U10w 2010"]
[Site "Oberhof GER"]
[Date "2010.05.28"]
[Round "10"]
[White "Simon, Tessa"]
[Black "Wallat, Jessica"]
[Result "1/2-1/2"]
[Termination "normal"]
[Board "34"]
[WhiteElo "1270"]
[BlackElo "1045"]
[PlyCount "146"]
[WhiteFideId "12929395"]
[BlackFideId "12909637"]
[EventCountry "GER"]
[EventRounds "11"]
[EventType "swiss"]
[EventDate "2010.05.22"]

1. e4 e5 2. Nf3 Nc6 3. Bc4 Bc5 4. c3 Nf6 5. d4 exd4 6. cxd4 Bb4+ 7. Nc3 Nxe4 8.
O-O Bxc3 9. d5 Ne5 10. bxc3 Nxc4 11. Qd4 O-O 12. Qxc4 Nd6 13. Qd3 Qf6 14. Re1
Qg6 15. Qe2 h6 16. Ba3 Re8 17. Qf1 Rxe1 18. Rxe1 Nf5 19. Re8+ Kh7 20. Qe2 b6
21. Rd8 Bb7 22. Rxd7 Rc8 23. h3 Qf6 24. Qd3 Kg8 25. Kh2 Nh4 26. Nxh4 Qxh4 27.
Qf3 Qf6 28. Qxf6 gxf6 29. c4 Kg7 30. d6 Bc6 31. Rxc7 Rxc7 32. dxc7 Bb7 33. Kg3
Kg6 34. Kf4 h5 35. h4 Bc8 36. Ke4 Bb7+ 37. Kd4 Kf5 38. Be7 Ke6 39. Bd8 Kd7 40.
g3 a6 41. c8=Q+ Kxc8 42. Bxb6 Kd7 43. c5 Bc6 44. Ke3 Ke7 45. Kf4 Ke6 46. f3 Bb7
47. g4 Ke7 48. gxh5 Kf8 49. Kf5 Bxf3 50. h6 Kg8 51. Kxf6 Kh7 52. Kxf7 Kxh6 53.
Ke7 Kh5 54. Kd6 Kxh4 55. c6 Kg5 56. Bd8+ Kg6 57. c7 Bg4 58. Kc6 Bc8 59. Kb6 Kf7
60. Ka7 Ke8 61. Kb8 Kd7 62. a4 a5 63. Bg5 Ba6 64. Bd2 Bc8 65. Bxa5 Ba6 66. Bb6
Kc6 67. a5 Kd7 68. Ka7 Bc8 69. a6 Kc6 70. Ba5 Kd7 71. Be1 Kxc7 72. Ba5+ Kc6 73.
Bd2 Bxa6 1/2-1/2

[Event "DEM U10/U10w 2010"]
[Site "Oberhof GER"]
[Date "2010.05.28"]
[Round "10"]
[White "Mildner, Ramón"]
[Black "Tiedemann, Fin Niklas"]
[Result "0-1"]
[Termination "normal"]
[Board "35"]
[WhiteElo "1200"]
[BlackElo "997"]
[PlyCount "90"]
[WhiteFideId "12909645"]
[BlackFideId "12936936"]
[EventCountry "GER"]
[EventRounds "11"]
[EventType "swiss"]
[EventDate "2010.05.22"]

1. e4 e5 2. Nf3 Nc6 3. d4 exd4 4. Nxd4 Nf6 5. Nc3 Bb4 6. Be3 Nxe4 7. Qg4 Nxc3
8. Qxg7 Rf8 9. Bh6 Qe7+ 10. Kd2 Ne4+ 11. Kc1 Nxf2 12. Qxf8+ Qxf8 13. Bxf8 Kxf8
14. Nxc6 dxc6 15. Rg1 Bc5 16. Kb1 Be6 17. g4 Rd8 18. Be2 Bxg4 19. Bxg4 Nxg4 20.
Re1 Nxh2 21. a3 Nf3 22. Rh1 Nd2+ 23. Ka2 Kg8 24. Rad1 Be7 25. Rhe1 Kf8 26. Rh1
Kg7 27. Rhe1 Kf6 28. Rh1 Kg6 29. Rhe1 Bg5 30. Rg1 h5 31. Rg3 h4 32. Rg4 f5 33.
Rg2 Kh5 34. Rdg1 Ne4 35. c3 Ng3 36. Rh2 Kg4 37. Rgg2 h3 38. Rg1 f4 39. Kb3 f3
40. Kc4 Be3 41. Rxh3 Kxh3 42. Ra1 f2 43. b4 f1=Q+ 44. Rxf1 Nxf1 45. a4 Nd2# 0-1

[Event "DEM U10/U10w 2010"]
[Site "Oberhof GER"]
[Date "2010.05.28"]
[Round "10"]
[White "Stobbe, Frederik"]
[Black "Grieb, Lukas"]
[Result "1/2-1/2"]
[Termination "normal"]
[Board "36"]
[WhiteElo "1157"]
[BlackElo "1007"]
[PlyCount "70"]
[BlackFideId "1271993"]
[EventCountry "GER"]
[EventRounds "11"]
[EventType "swiss"]
[EventDate "2010.05.22"]

1. e4 c5 2. Nf3 Nc6 3. d4 cxd4 4. Nxd4 Qb6 5. Nb3 Nf6 6. Bd3 e6 7. O-O Be7 8.
Be3 Qc7 9. Nc3 O-O 10. f4 d6 11. h3 a6 12. Rf3 b6 13. Nd4 Nxd4 14. Bxd4 e5 15.
fxe5 dxe5 16. Be3 Bc5 17. Bxc5 Qxc5+ 18. Kh2 Bb7 19. Rg3 Qf2 20. Qf3 Qxf3 21.
gxf3 Rfe8 22. Bc4 Rad8 23. Rd1 Rxd1 24. Nxd1 Rd8 25. Nc3 Rd2+ 26. Rg2 Rxg2+ 27.
Kxg2 Nh5 28. Ne2 Kf8 29. Kf2 Ke7 30. Ke3 f6 31. f4 exf4+ 32. Nxf4 Nxf4 33. Kxf4
g5+ 34. Ke3 b5 35. Bg8 h5 1/2-1/2

[Event "DEM U10/U10w 2010"]
[Site "Oberhof GER"]
[Date "2010.05.28"]
[Round "10"]
[White "Bach, Kira Annika"]
[Black "Arnhold, Steffi"]
[Result "1-0"]
[Termination "normal"]
[Board "37"]
[WhiteElo "1071"]
[BlackElo "1145"]
[PlyCount "71"]
[WhiteFideId "12907677"]
[BlackFideId "12931365"]
[EventCountry "GER"]
[EventRounds "11"]
[EventType "swiss"]
[EventDate "2010.05.22"]

1. e4 c5 2. d4 cxd4 3. c3 dxc3 4. Nxc3 e6 5. Bc4 Nc6 6. Nf3 d6 7. O-O Nge7 8.
Bg5 a6 9. Re1 Qc7 10. h3 Ng6 11. Bb3 Nge5 12. Be3 Be7 13. Qd2 O-O 14. Rad1
Nxf3+ 15. gxf3 Ne5 16. f4 Nf3+ 17. Kf1 Nxd2+ 18. Bxd2 b5 19. f5 e5 20. Re3 Bb7
21. Rg3 b4 22. Nd5 Bxd5 23. Bxd5 Rac8 24. Bh6 Bf6 25. Bxg7 Bxg7 26. f6 a5 27.
Rdd3 Qc1+ 28. Kg2 Qxb2 29. Rdf3 Rc7 30. Rf5 Rc2 31. fxg7 Rc7 32. gxf8=Q+ Kxf8
33. Rf6 Qd4 34. Rg5 Ke7 35. Rxf7+ Kd8 36. Rg8# 1-0

[Event "DEM U10/U10w 2010"]
[Site "Oberhof GER"]
[Date "2010.05.28"]
[Round "10"]
[White "Du, Katharina"]
[Black "Nguyen, Anh Van"]
[Result "0-1"]
[Termination "normal"]
[Board "38"]
[WhiteElo "1006"]
[BlackElo "1095"]
[PlyCount "136"]
[WhiteFideId "12945757"]
[BlackFideId "12908223"]
[EventCountry "GER"]
[EventRounds "11"]
[EventType "swiss"]
[EventDate "2010.05.22"]

1. e4 c6 2. d4 d5 3. exd5 cxd5 4. Nc3 Nf6 5. Bd3 Nc6 6. Nf3 Bg4 7. Be2 e6 8.
Bf4 Bb4 9. O-O O-O 10. Re1 Qb6 11. Qd3 Bxf3 12. Bxf3 Qxd4 13. Qxd4 Nxd4 14. Bd1
Rfe8 15. a3 Ba5 16. b4 Bb6 17. Na4 Rac8 18. c3 Nc6 19. Bb3 Bc7 20. Bxc7 Rxc7
21. Nc5 b6 22. Nd3 Rec8 23. c4 Nd4 24. Ba4 Rxc4 25. Ne5 Rc3 26. h3 b5 27. Bd1
Rc1 28. Rxc1 Rxc1 29. Kf1 Ne4 30. f3 Nc3 31. Kf2 Nxd1+ 32. Kg3 Nf5+ 33. Kh2 Rb1
34. Re2 Nc3 35. Rc2 f6 36. Ng4 Na4 37. Rc8+ Kf7 38. Rc7+ Kg6 39. Rxa7 Rb3 40.
Rb7 Nd4 41. Ra7 Rxa3 42. Nf2 Rb3 43. Rb7 Rxb4 44. Nd3 Rb3 45. Nc1 Rb2 46. Nd3
Rd2 47. Nf4+ Kf5 48. Nh5 Kg6 49. Nxg7 Nxf3+ 50. Kg3 Nd4 51. Ne8 Rb2 52. Rg7+
Kf5 53. Nd6+ Ke5 54. Nf7+ Ke4 55. Rg4+ Kd3 56. Rf4 Nf5+ 57. Kh2 Nc5 58. Rf3+
Kd4 59. Nd8 b4 60. Rf4+ Ke5 61. Rf1 Ne3 62. Rc1 Rxg2+ 63. Kh1 Ne4 64. Nc6+ Kf4
65. Rf1+ Nf2+ 66. Rxf2+ Rxf2 67. Nxb4 Kg3 68. Nxd5 Rf1# 0-1

[Event "DEM U10/U10w 2010"]
[Site "Oberhof GER"]
[Date "2010.05.28"]
[Round "10"]
[White "Allin, Katharina"]
[Black "Hoffmann, Christoph"]
[Result "0-1"]
[Termination "normal"]
[Board "39"]
[WhiteElo "1059"]
[BlackElo "1094"]
[PlyCount "156"]
[WhiteFideId "12903779"]
[EventCountry "GER"]
[EventRounds "11"]
[EventType "swiss"]
[EventDate "2010.05.22"]

1. e4 e6 2. d4 d5 3. exd5 exd5 4. Bd3 Nc6 5. Nf3 Be6 6. Nc3 Bb4 7. a3 Ba5 8.
Be3 Nge7 9. Qe2 O-O 10. h3 h6 11. g4 Bxc3+ 12. bxc3 Qd7 13. Ne5 Nxe5 14. dxe5
Rac8 15. g5 c5 16. Qh5 Bf5 17. gxh6 g6 18. Qg5 Bxd3 19. cxd3 Nf5 20. h4 Qe7 21.
Qxe7 Nxe7 22. Rb1 b6 23. h5 gxh5 24. Rxh5 Kh7 25. Bg5 Rg8 26. Bc1 Rc6 27. Bg5
Kg6 28. h7 Kxh5 29. hxg8=Q Nxg8 30. Be3 c4 31. d4 Kg6 32. Ke2 Ne7 33. Rg1+ Kf5
34. Rg7 Ke6 35. Rg1 b5 36. Rb1 Rb6 37. Kd2 Kf5 38. Ke2 Ng6 39. Bh6 Nf4+ 40.
Bxf4 Kxf4 41. f3 Kg3 42. Rb2 a5 43. Rb1 a4 44. Rb4 Kf4 45. Rb1 Kf5 46. Ke1 Ke6
47. Ke2 Kd7 48. Ke3 Rb8 49. Rg1 Kc6 50. Rg7 Rb7 51. e6 fxe6 52. Rxb7 Kxb7 53.
Ke2 Kc7 54. Ke3 Kd6 55. f4 Ke7 56. Ke2 Kf6 57. Kf2 Kg6 58. Ke2 Kh5 59. Kf2 Kh4
60. Kf3 Kh3 61. Kf2 Kg4 62. Ke3 Kg3 63. Ke2 Kxf4 64. Kd2 Kf3 65. Kc2 Ke4 66.
Kd2 e5 67. dxe5 Kxe5 68. Kc2 Ke4 69. Kd2 Kf3 70. Kc2 Ke2 71. Kb2 Kd2 72. Ka2
Kxc3 73. Kb1 d4 74. Ka2 Kc2 75. Ka1 d3 76. Ka2 d2 77. Ka1 d1=Q+ 78. Ka2 Qb1#
0-1

[Event "DEM U10/U10w 2010"]
[Site "Oberhof GER"]
[Date "2010.05.28"]
[Round "10"]
[White "Riegel, Arinna"]
[Black "Köhler, Inken"]
[Result "1-0"]
[Termination "normal"]
[Board "40"]
[WhiteElo "1013"]
[BlackElo "786"]
[PlyCount "61"]
[WhiteFideId "12931446"]
[BlackFideId "12929301"]
[EventCountry "GER"]
[EventRounds "11"]
[EventType "swiss"]
[EventDate "2010.05.22"]

1. Nf3 d5 2. g3 Nf6 3. Bg2 Nc6 4. d3 Bg4 5. O-O e5 6. Nbd2 Bc5 7. e4 dxe4 8.
Nxe4 Bb6 9. h3 Bf5 10. Kh2 Nxe4 11. dxe4 Qxd1 12. Rxd1 Bxe4 13. Rf1 Bxc2 14.
Re1 f6 15. b3 O-O-O 16. Bb2 Rd2 17. Nxd2 Ba5 18. Rec1 Bd3 19. Nf3 e4 20. Ne1
Bxe1 21. Rxe1 Re8 22. f4 Nb4 23. Red1 Be2 24. Rd2 Bd3 25. h4 e3 26. Bh3+ Kb8
27. Re1 Re4 28. Rdd1 e2 29. Rd2 Nc2 30. Rxd3 Nxe1 31. Rd8# 1-0

[Event "DEM U10/U10w 2010"]
[Site "Oberhof GER"]
[Date "2010.05.28"]
[Round "10"]
[White "Giede, Anna-Blume"]
[Black "Lohrmann, Tabea"]
[Result "1-0"]
[Termination "normal"]
[Board "41"]
[WhiteElo "927"]
[BlackElo "874"]
[PlyCount "43"]
[WhiteFideId "12921980"]
[BlackFideId "12911941"]
[EventCountry "GER"]
[EventRounds "11"]
[EventType "swiss"]
[EventDate "2010.05.22"]

1. e4 e5 2. Bc4 Nf6 3. d3 Nc6 4. c3 Bc5 5. Nf3 d6 6. h3 a6 7. O-O Ba7 8. Nbd2
O-O 9. Re1 Na5 10. b3 Nxc4 11. bxc4 Re8 12. Nf1 h6 13. Ng3 Rb8 14. Nh4 b5 15.
Ngf5 Bxf5 16. Nxf5 Qd7 17. Qd2 Kh7 18. Nxg7 Kxg7 19. Qxh6+ Kg8 20. Qxf6 bxc4
21. Bh6 cxd3 22. Qg7# 1-0

[Event "DEM U10/U10w 2010"]
[Site "Oberhof GER"]
[Date "2010.05.28"]
[Round "10"]
[White "Schluckner, Paul-Leopold"]
[Black "Lederer, Leia"]
[Result "0-1"]
[Termination "normal"]
[Board "43"]
[WhiteElo "957"]
[BlackElo "971"]
[PlyCount "70"]
[WhiteFideId "12952168"]
[BlackFideId "12926353"]
[EventCountry "GER"]
[EventRounds "11"]
[EventType "swiss"]
[EventDate "2010.05.22"]

1. e4 c5 2. Nf3 d6 3. d4 cxd4 4. Nxd4 Nf6 5. Nc3 g6 6. g3 Bg7 7. Bg2 Ng4 8. Nb3
O-O 9. O-O Nc6 10. Bd2 e5 11. Qc1 Be6 12. f3 Qb6+ 13. Be3 Nxe3 14. Rf2 Nc4 15.
Qd1 Nb4 16. Na4 Qe3 17. c3 Nd3 18. Qe2 Nxf2 19. Qxe3 Nxe3 20. Kxf2 Bh6 21. Re1
Nc2 22. Re2 Ne3 23. Rxe3 Bxe3+ 24. Kxe3 b5 25. Nac5 dxc5 26. Nxc5 Bxa2 27. Nd7
Rfd8 28. Nf6+ Kg7 29. Ng4 f6 30. f4 exf4+ 31. gxf4 Bc4 32. Nf2 f5 33. e5 Bd5
34. Bf1 Rab8 35. b4 a6 0-1

[Event "DEM U10/U10w 2010"]
[Site "Oberhof GER"]
[Date "2010.05.28"]
[Round "10"]
[White "Schneider, Xenia"]
[Black "Möller, Hannah"]
[Result "0-1"]
[Termination "normal"]
[Board "46"]
[WhiteElo "777"]
[BlackElo "854"]
[PlyCount "104"]
[WhiteFideId "12911984"]
[BlackFideId "1270514"]
[EventCountry "GER"]
[EventRounds "11"]
[EventType "swiss"]
[EventDate "2010.05.22"]

1. e4 e5 2. Nf3 Nc6 3. d4 exd4 4. Nxd4 Bc5 5. Be3 d6 6. Nxc6 bxc6 7. Bxc5 dxc5
8. Qf3 Be6 9. Ba6 Ne7 10. O-O O-O 11. Nc3 Rb8 12. Rab1 Ng6 13. Rfd1 Qg5 14. Na4
c4 15. b3 cxb3 16. axb3 Bg4 17. Qg3 h6 18. Rd4 Qf4 19. Qxf4 Nxf4 20. e5 Ne2+
21. Bxe2 Bxe2 22. Re1 Bh5 23. Rd7 Rbc8 24. e6 fxe6 25. Rxe6 Bg4 26. Rxc6 Bxd7
27. Rg6 Bxa4 28. bxa4 Rcd8 29. h3 Rd2 30. f3 Rxc2 31. a5 Kh7 32. Ra6 Ra8 33.
Kh2 c5 34. Rc6 c4 35. a6 c3 36. f4 Rb8 37. f5 Rbb2 38. Kg3 Rxg2+ 39. Kf4 Rbf2+
40. Ke4 c2 41. h4 Rf1 42. h5 c1=Q 43. Rxc1 Rxc1 44. Kf3 Rb2 45. Ke4 Rb4+ 46.
Ke5 Rc5+ 47. Kd6 Rxf5 48. Kc6 Rb6+ 49. Kc7 Rf7+ 50. Kc8 Rxa6 51. Kb8 Re6 52.
Kc8 Re8# 0-1

[Event "DEM U10/U10w 2010"]
[Site "Oberhof GER"]
[Date "2010.05.29"]
[Round "11"]
[White "Lagunow, Raphael"]
[Black "Mehsin, Yazan"]
[Result "1-0"]
[Termination "normal"]
[Board "1"]
[WhiteElo "1623"]
[BlackElo "1473"]
[PlyCount "65"]
[WhiteFideId "24652644"]
[EventCountry "GER"]
[EventRounds "11"]
[EventType "swiss"]
[EventDate "2010.05.22"]

1. Nf3 d5 2. g3 Nc6 3. d4 f6 4. Bf4 g5 5. Be3 e5 6. dxe5 g4 7. Nd4 fxe5 8. Nxc6
bxc6 9. Bg2 Bd7 10. c3 Bd6 11. O-O h5 12. Nd2 Qe7 13. Nb3 Qh7 14. h4 gxh3 15.
Bh1 h4 16. Kh2 Nf6 17. Bf3 e4 18. Bd4 exf3 19. Bxf6 hxg3+ 20. fxg3 Bxg3+ 21.
Kxg3 Qg6+ 22. Kxf3 Qxf6+ 23. Ke3 Qg5+ 24. Kd3 Bf5+ 25. Rxf5 Qxf5+ 26. Kd2 Qf4+
27. e3 Qc4 28. Nd4 h2 29. Qg4 Qc5 30. Qe6+ Qe7 31. Qxc6+ Kf7 32. Rf1+ Kg8 33.
Qxd5+ 1-0

[Event "DEM U10/U10w 2010"]
[Site "Oberhof GER"]
[Date "2010.05.29"]
[Round "11"]
[White "Graf, Clara Victoria"]
[Black "Schröder, Kevin"]
[Result "0-1"]
[Termination "normal"]
[Board "2"]
[WhiteElo "1736"]
[BlackElo "1557"]
[PlyCount "72"]
[WhiteFideId "1270339"]
[BlackFideId "12929840"]
[EventCountry "GER"]
[EventRounds "11"]
[EventType "swiss"]
[EventDate "2010.05.22"]

1. e4 c5 2. Nc3 e6 3. g3 Nc6 4. Bg2 g6 5. f4 Bg7 6. Nf3 Nge7 7. d3 Nd4 8. O-O
Nec6 9. Ne2 d6 10. c3 Nxf3+ 11. Bxf3 O-O 12. Be3 e5 13. Rb1 f5 14. d4 fxe4 15.
Bxe4 d5 16. Bg2 exd4 17. cxd4 Bf5 18. Ra1 Re8 19. Bf2 Bg4 20. Re1 Bxd4 21. h3
Bxe2 22. Rxe2 Qd6 23. Rxe8+ Rxe8 24. Qb3 c4 25. Qb5 Bxf2+ 26. Kxf2 Re2+ 27. Kf1
Rd2 28. Qxb7 Qc5 29. Bxd5+ Qxd5 30. Qc8+ Kf7 31. Qc7+ Kf6 32. Ke1 Rxb2 33. Qe5+
Nxe5 34. fxe5+ Qxe5+ 35. Kd1 Qe2+ 36. Kc1 Qd2# 0-1

[Event "DEM U10/U10w 2010"]
[Site "Oberhof GER"]
[Date "2010.05.29"]
[Round "11"]
[White "Dürr, Florian"]
[Black "Litzka, Richard"]
[Result "1-0"]
[Termination "normal"]
[Board "3"]
[WhiteElo "1750"]
[BlackElo "1543"]
[PlyCount "63"]
[WhiteFideId "24659134"]
[EventCountry "GER"]
[EventRounds "11"]
[EventType "swiss"]
[EventDate "2010.05.22"]

1. e4 c5 2. c4 Nc6 3. Nc3 e5 4. g3 g6 5. Bg2 Bg7 6. Nge2 Nge7 7. O-O O-O 8. f4
d6 9. d3 f5 10. Be3 Nd4 11. fxe5 dxe5 12. Nd5 fxe4 13. Bg5 Ndc6 14. dxe4 Be6
15. Nxe7+ Nxe7 16. Qxd8 Rfxd8 17. Bxe7 Rd2 18. Nc3 Bxc4 19. Rf2 Rxf2 20. Kxf2
b6 21. b3 Be6 22. Bg5 h6 23. Be3 Rd8 24. Nd5 Bxd5 25. exd5 e4 26. Rd1 Bd4 27.
Bxd4 Rxd5 28. Bxe4 Rd6 29. Bxg6 Rxg6 30. Be3 Rf6+ 31. Ke2 h5 32. Rd5 1-0

[Event "DEM U10/U10w 2010"]
[Site "Oberhof GER"]
[Date "2010.05.29"]
[Round "11"]
[White "Ovsepyan, Arshak"]
[Black "Kreyssig, Bruno"]
[Result "1-0"]
[Termination "normal"]
[Board "4"]
[WhiteElo "1945"]
[BlackElo "1319"]
[PlyCount "59"]
[WhiteFideId "24690236"]
[BlackFideId "4692489"]
[EventCountry "GER"]
[EventRounds "11"]
[EventType "swiss"]
[EventDate "2010.05.22"]

1. e4 c5 2. Nf3 Nc6 3. d4 cxd4 4. Nxd4 Nf6 5. Nc3 d6 6. Bg5 e6 7. Qd2 Be7 8. f4
O-O 9. O-O-O a6 10. Be2 Qc7 11. g4 b5 12. Bf3 Bb7 13. f5 Nxd4 14. Qxd4 e5 15.
Qe3 h6 16. Bxf6 Bxf6 17. h4 g5 18. fxg6 fxg6 19. Qxh6 Qh7 20. Qxh7+ Kxh7 21.
Be2 Rad8 22. Bd3 Kg7 23. Kd2 Rh8 24. g5 Be7 25. Ke2 Rh7 26. Kf3 Rf8+ 27. Kg3
Rfh8 28. Be2 Kf8 29. Bf3 Bxg5 30. hxg5 1-0

[Event "DEM U10/U10w 2010"]
[Site "Oberhof GER"]
[Date "2010.05.29"]
[Round "11"]
[White "Rätzke von Stoyentin, Steffen"]
[Black "Moses, Selina"]
[Result "1-0"]
[Termination "normal"]
[Board "5"]
[WhiteElo "1278"]
[BlackElo "1453"]
[PlyCount "73"]
[WhiteFideId "12907502"]
[BlackFideId "12908070"]
[EventCountry "GER"]
[EventRounds "11"]
[EventType "swiss"]
[EventDate "2010.05.22"]

1. d4 d5 2. c4 c6 3. Nc3 Nf6 4. Nf3 e6 5. Bg5 Be7 6. cxd5 exd5 7. e3 Nbd7 8.
Bd3 O-O 9. Qc2 Re8 10. O-O Nf8 11. Ne5 Ng6 12. f4 Nf8 13. Rac1 N6d7 14. Bxe7
Qxe7 15. Rf3 Nxe5 16. fxe5 g6 17. Rcf1 Be6 18. Ne2 Rad8 19. Nf4 Rd7 20. Rg3 Kh8
21. Rgf3 a6 22. Nxe6 Qxe6 23. Qf2 Kg7 24. Rf6 Qe7 25. Qd2 Qd8 26. Be2 Rde7 27.
Bg4 Qc7 28. Rd6 Rd8 29. Qb4 Qb8 30. Rxc6 Rde8 31. Rc8 Qa7 32. Rxe8 Rxe8 33. Qa5
b6 34. Qxd5 Re7 35. Qd6 Kg8 36. d5 b5 37. Kh1 1-0